| 000 | 00469nam a2200193Ia 4500 | ||
|---|---|---|---|
| 005 | 20260429112129.0 | ||
| 008 | 260429s9999||||xx |||||||||||||| ||und|| | ||
| 020 | _a9781032983615 | ||
| 041 | _aEnglish | ||
| 082 |
_a512.5 _bOLI |
||
| 100 | _aOliveira,Lina | ||
| 245 | 0 |
_aLinear algebra / _cLina Oliveira |
|
| 250 | _a1st ed. | ||
| 260 |
_aBoca Raton : _bCRC Press, _c2025. |
||
| 300 | _axv, 312 p.; pbk | ||
| 650 | _a Linear | ||
| 650 | _aAlgebra | ||
| 942 | _cTB | ||
| 999 |
_c52502 _d52502 |
||